| 000 | 01368nam1a22002531 4500 | ||
|---|---|---|---|
| 001 | rc\2884291 | ||
| 005 | 20110722103334.7 | ||
| 035 | _a(NLR Aleph) 007036974 | ||
| 090 |
_a6059460 _c6059460 |
||
| 100 | _a20110722d1932 |||y0rusy50 ca | ||
| 101 | 0 | _arus | |
| 102 | _aRU | ||
| 105 | _ay z ||||| | ||
| 200 | 1 |
_aОрганизация и техника заготовок хлебопродуктов и масличных культур _eКурсы подготовки райинспекторов для системы "Заготзерно". Вып. 1- _fК.А. Микаэльян _gИн-т нар. хоз-ва им. Плеханова. Сектор заоч. обуч. |
|
| 210 |
_a[Москва] _cСектор заоч. обуч. ИНХ им. Плеханова _d[1932] _gтип. пром. кооп. т-ва "Озеркооп" |
||
| 215 | _d24х17 см | ||
| 702 | 1 |
_aМикаэльян _bК. А. _4570 |
|
| 710 | 0 | 2 |
_aМосковский институт народного хозяйства им. Г.В. Плеханова _bСектор заочного обучения |
| 712 | 0 | 2 |
_aИнститут народного хозяйства им. Г.В. Плеханова _bСектор заочного обучения _cМосква _4570 |
| 801 | 0 |
_aRU _bNLR _gpsbo |
|
| 801 | 1 |
_aRU _bELAR _2rusmarc |
|
| 852 |
_aNLR _j33-19/105(1) |
||
| 942 | _cBOOK | ||
| 980 | _aNB | ||